000 00382nam a2200157Ia 4500
008 200305s9999 xx 000 0 und d
020 _a978-81-291-2089-2
082 _a954.01
082 _bBHL
100 _aBHANDARKAR D.R.
245 _aLECTURES ON THE ANCIENT HISTORY OF INDIA
260 _aNEW DELHI
_bRUPA PUBLICATION
300 _a112
650 _aHISTORY
999 _c40507
_d40507
041 _aeng